| 000 | 00355pab a2200145 454500 | ||
|---|---|---|---|
| 008 | 180718b1987 xxu||||| |||| 00| 0 eng d | ||
| 100 | _aSuri, Prakash Chandra | ||
| 245 | _aLinking education with employment | ||
| 260 | _c1987 | ||
| 300 | _a65-79 | ||
| 362 | _aSept. | ||
| 650 | _aVocational Education | ||
| 773 | _aMan and Development | ||
| 909 | _a20307 | ||
| 999 |
_c20307 _d20307 |
||